Lámání v kole. Afghánistán /

Hlavní autor: Angel, Petr
Jazyk: Čeština
Vydáno: Praha : Mladá fronta, 2017
Vydání: První vydání
Témata:
Fyzický popis: 216 stran ; 21 cm
Knihy
Uloženo v:
LEADER 01632nam a2200469 i 4500
001 nkc20172887625
003 CZ PrNK
005 20170612113458.0
007 ta
008 170327s2017 xr g 000 f cze
015 |a cnb002887625 
020 |a 978-80-204-3967-3  |q (vázáno) 
035 |a (OCoLC)993638600 
040 |a BOA001  |b cze  |d OLA001  |e rda 
045 |a x7x8 
072 7 |a 821.162.3-3  |x Česká próza  |2 Konspekt  |9 25 
080 |a 821.162.3-31  |2 MRF 
080 |a 94(581)"1979/1989"  |2 MRF 
080 |a (0:82-311.6)  |2 MRF 
100 1 |a Angel, Petr  |7 hka2017948153  |4 aut 
245 1 0 |a Lámání v kole.  |p Afghánistán /  |c Petr Angel 
246 1 |i Název v tiráži:  |a Lámání v kole - Afghánistán 
246 3 0 |a Afghánistán 
250 |a První vydání 
264 1 |a Praha :  |b Mladá fronta,  |c 2017 
300 |a 216 stran ;  |c 21 cm 
336 |a text  |b txt  |2 rdacontent 
337 |a bez média  |b n  |2 rdamedia 
338 |a svazek  |b nc  |2 rdacarrier 
500 |a Obálkový podnázev: románová zpověď vojáka českých speciálních jednotek 
648 7 |a 1979-1989  |7 ch500572  |2 czenas 
650 0 7 |a sovětská okupace Afghánistánu (1979-1989)  |7 ph256080  |2 czenas 
650 0 9 |a Soviet occupation of Afghanistan (1979-1989)  |2 eczenas 
655 7 |a české romány  |7 fd133974  |2 czenas 
655 7 |a válečné romány  |7 fd133831  |2 czenas 
655 9 |a Czech fiction  |2 eczenas 
655 9 |a war novels  |2 eczenas 
910 2 |a BOA001  |b 2-1388.554 
990 |a BK 
995 |a 01 
991 |b 201705  |c NOV 
996 6 |b 2610707588  |c 2-1388.554  |l MZK  |r Sklad / do 1 hodiny  |n 2  |p p.v.  |w 001612886  |u 000010  |a 1  |e BOA001  |j MZK50  |s P